[Event "ICS rated blitz match"]
[Site "207.99.83.227"]
[Date "1999.04.24"]
[Round "?"]
[White "attakinski"]
[Black "Hossa"]
[Result "1-0"]
[WhiteElo "2552"]
[BlackElo "2434"]
[Annotator "Crafty v16.6"]
[PlyCount "84"]

{annotating for player Hossa using a scoring margin of +0.10 pawns. search
time limit is 10.00} 1. c4 1... g6 2. Nc3 e5 3. d4 Bg7 4. e3 d6 ({8:-0.33} 4...
d6 5. Nf3 exd4 6. exd4 Ne7 7. Be2 O-O 8. O-O 8... c6 $14) ({8:+0.34} 4... exd4
5. exd4 Ne7 6. h4 Nbc6 7. d5 Nd4 8. Nge2 Nef5 9. Nxd4 9... Bxd4 $15) 5. Nf3 Bd7
6. Be2 Ne7 7. O-O O-O 8. Qb3 Qc8 ({8:-0.43} 8... Qc8 9. d5 c6 10. Ne4 Qc7 11.
Qb4 cxd5 12. Qxd6 Qxd6 13. Nxd6 $14) ({8:-0.21} 8... exd4 9. exd4 Nbc6 10. Bg5
Bf5 11. Nd5 f6 12. c5 fxg5 13. Nxe7+ $10) 9. dxe5 dxe5 10. e4 Nec6 ({9:-0.46} 
10... Nec6 11. Nd5 Bg4 12. Qd1 Qd8 13. Ng5 Bxe2 14. Qxe2 Nd4 15. Qg4 $14) ({
9:-0.19} 10... Nbc6 11. Bg5 Bg4 12. Rad1 Re8 13. Nd5 Nxd5 14. cxd5 Nd4 15. Qe3
Nxe2+ 16. Qxe2 $10) 11. Nd5 f5 ({8:-0.81} 11... f5 12. exf5 Bxf5 13. Be3 Nd7
14. Qd1 Qd8 15. Bg5 15... Nf6 $16) ({8:-0.67} 11... Bg4 12. Bg5 f6 13. Bh4 Na6
14. Qe3 Qe6 15. Rad1 $14) 12. c5 Kh8 13. Bd3 fxe4 14. Bxe4 Na6 15. Be3 Nd4 16.
Qa3 Bb5 17. Rfd1 Be2 18. Rxd4 exd4 19. Bxd4 Qd7 20. Ne5 Qe6 21. Qc3 Kg8 22. Re1
c6 23. Rxe2 cxd5 24. Bd3 Nc7 25. Nxg6 Bxd4 26. Qxd4 Qf6 27. Ne5 Qg5 28. Re3 Rf4
29. Qc3 Qh5 30. Rg3+ Kf8 31. c6 Qd1+ 32. Bf1 Qd4 33. Qxd4 Rxd4 34. cxb7 Re8 35.
Rb3 Kg7 36. b8=Q Rxb8 37. Rxb8 Kf6 38. Nc6 Rd2 39. Nxa7 Ne6 40. Nc6 h5 41. a4
Nc5 42. a5 Nd7 1-0

[Event "ICS rated blitz match"]
[Site "207.99.83.227"]
[Date "1999.04.24"]
[Round "?"]
[White "huszar"]
[Black "Hossa"]
[Result "0-1"]
[WhiteElo "2047"]
[BlackElo "2423"]
[PlyCount "48"]

1. c4 g6 2. f4 Nf6 3. Nf3 d5 4. cxd5 Nxd5 5. d3 Bg7 6. e4 Nf6 7. Nc3 Bg4 8. Be2
O-O 9. O-O Nc6 10. a3 Qd7 11. h3 Bxf3 12. Rxf3 Nd4 13. Re3 Rad8 14. Bf1 Nh5 15.
g3 Bh6 16. Bd2 e5 17. Nd5 exf4 18. Qxh5 gxh5 19. Nf6+ Kh8 20. Nxd7 fxe3 21.
Nxf8 exd2 22. Nxh7 Kxh7 23. Rd1 Nf3+ 24. Kf2 24... Ne5 {huszar resigns} 0-1

[Event "ICS rated blitz match"]
[Site "207.99.83.227"]
[Date "1999.04.24"]
[Round "?"]
[White "Hossa"]
[Black "huszar"]
[Result "1-0"]
[WhiteElo "2426"]
[BlackElo "2044"]
[Annotator "Fritz 5.32 (15s)"]
[PlyCount "23"]

1. Nf3 c5 2. e4 f5 3. exf5 3... Nh6 $146 (3... d5 4. d4 Bxf5 5. Nc3 Nf6 6. Bb5+
Nc6 7. Ne5 Rc8 8. O-O e6 9. Re1 Bd6 10. Bg5 O-O 11. Nxc6 bxc6 12. Bd3 Bxd3 13.
Qxd3 Bxh2+ 14. Kh1 cxd4 15. Qxd4 e5 16. Qh4 Bf4 17. Rad1 Bxg5 18. Qxg5 Nd7 19.
Qxd8 Rcxd8 20. f3 Rf5 21. Rd2 Nc5 22. Ne4 Nxe4 23. Rxe4 d4 24. Rde2 Rd5 25. Kg1
Kf7 26. Kf2 Kf6 27. g4 Rf4 28. Rxf4+ exf4 29. b4 c5 30. b5 c4 31. a4 d3 32.
cxd3 cxd3 33. Re1 Rd4 34. Ra1 Ke5 35. a5 Rd7 36. Ke1 Kd4 37. Kd2 Kc5 38. Rb1 {
Erlach,O-Nagy,J/Dortmund 1988/0-1 (48)}) (3... Nf6 4. d4 d5 5. Bb5+ Nc6 6. Ne5
Qb6 7. Nc3 cxd4 8. Bxc6+ bxc6 9. Ne2 c5 10. Ng3 e6 11. O-O exf5 12. Re1 Be7 13.
Nd3 Qd8 14. Nxc5 O-O 15. Nb3 Ne4 16. Nxd4 f4 17. Nf1 Bc5 18. c3 Qh4 19. Qc2 Bf5
20. Bd2 Qxf2+ 21. Kh1 21... Ng3+ {
0-1 Hawkeye-tylian/Internet Chess Club 1998 (21)}) 4. Ne5 {
Weiss fuehrt die Partie kraftvoll zu Ende} 4... Qc7 (4... Nxf5 $2 {scheitert an
} 5. Qh5+ g6 6. Nxg6 $18) 5. Qh5+ Kd8 6. Nf3 d5 7. f6 7... exf6 {
Befestigt e5+g5.} 8. Qxd5+ Bd6 9. Be2 Re8 10. Na3 10... a6 $16 {Kontrolliert b5
} (10... Be6 $5 11. Qd3 11... c4 $14) 11. Nc4 11... Be6 $4 $18 {
und es geht weiter bergab} (11... Nf5 $16 $142) 12. Qxd6+ (12. Qxd6+ Nd7 13.
Qxc7+ Kxc7 14. O-O $18) 1-0

[Event "ICS rated blitz match"]
[Site "207.99.83.227"]
[Date "1999.04.24"]
[Round "?"]
[White "TequilaKing"]
[Black "Hossa"]
[Result "0-1"]
[WhiteElo "2072"]
[BlackElo "2429"]
[PlyCount "40"]

1. e4 c6 2. d4 d5 3. e5 Bf5 4. Ne2 e6 5. Ng3 Bg6 6. h4 f6 7. h5 Bf7 8. Bd3 fxe5
9. dxe5 Nd7 10. Qe2 Nc5 11. Nd2 Qb6 12. Nf3 Nxd3+ 13. cxd3 Bc5 14. h6 Nxh6 15.
Bxh6 gxh6 16. Rxh6 Qb4+ 17. Kf1 O-O-O 18. a3 Qg4 19. b4 Be7 20. Rh4 20... Bxh4
{TequilaKing resigns} 0-1

[Event "ICS rated blitz match"]
[Site "207.99.83.227"]
[Date "1999.04.24"]
[Round "?"]
[White "Hossa"]
[Black "HAL9000"]
[Result "0-1"]
[WhiteElo "2433"]
[BlackElo "2314"]
[Annotator "Crafty v16.6"]
[PlyCount "116"]

{annotating for player Hossa using a scoring margin of +0.10 pawns. search
time limit is 10.00} 1. d4 1... Nf6 2. Nf3 g6 3. e3 c5 4. dxc5 Qa5+ 5. Nbd2 Bg7
6. Bd3 Qxc5 7. e4 ({9:+0.05} 7. e4 7... O-O 8. O-O Nc6 9. Nb3 Qd6 10. Bg5 Ng4
11. c3 $10) ({9:+0.22} 7. Nb3 7... Qh5 8. O-O O-O 9. Nfd4 Qxd1 10. Rxd1 e5 11.
Nf3 11... Nc6 $10) 7... d6 8. Nb3 ({9:+0.05} 8. Nb3 8... Qh5 9. Be2 O-O 10. Ng5
Bg4 11. f3 Bd7 12. O-O $10) ({9:+0.19} 8. O-O 8... O-O 9. Nb3 Qh5 10. Nbd4 Nc6
11. Nxc6 bxc6 12. Bg5 12... Bg4 $10) 8... Qh5 9. Bg5 Bg4 10. Nbd2 Nbd7 11. O-O
Ne5 12. Bxf6 Bxf6 13. Rb1 Bg5 14. Bb5+ Kf8 15. h3 Bxd2 16. hxg4 Nxf3+ 17. gxf3
Qg5 18. Qe2 Bf4 19. Kg2 h5 20. Rh1 Kg7 21. Rbd1 a6 22. Bd3 b5 23. c4 b4 24. Bc2
Be5 25. Bd3 Rab8 26. c5 hxg4 27. fxg4 dxc5 28. Bxa6 Rbd8 29. Bc4 Rxd1 30. Qxd1
Rxh1 31. Qxh1 Qxg4+ 32. Kf1 Qd1+ 33. Kg2 Qc2 34. b3 Qxe4+ 35. Kg1 Qb1+ 36. Kg2
Qxa2 37. Qh4 e6 38. Qe4 Bd4 39. Qf4 Qc2 40. Kf1 Qd1+ 41. Kg2 Qe1 42. Qg3 e5 43.
Qf3 f5 44. Qb7+ Kh6 45. Qf3 Qd2 46. Qh3+ Kg7 47. Qg3 Qh6 48. Kf1 Qh1+ 49. Qg1
Qh5 50. Qg3 f4 51. Qg1 f3 52. Bd3 Kf8 53. Qxg6 Qh1+ 54. Qg1 Qh6 55. Qg8+ Kxg8
56. Bc4+ Kf8 57. Kg1 Qg5+ 58. Kh1 Qg2# 0-1

[Event "ICS rated blitz match"]
[Site "207.99.83.227"]
[Date "1999.04.24"]
[Round "?"]
[White "HAL9000"]
[Black "Hossa"]
[Result "1-0"]
[WhiteElo "2335"]
[BlackElo "2412"]
[Annotator "Crafty v16.6"]
[PlyCount "96"]

{annotating for player Hossa using a scoring margin of +0.10 pawns. search
time limit is 10.00} 1. d4 1... Nf6 2. Nf3 g6 3. Nc3 d5 ({9:-0.66} 3... d5 4.
Bf4 Bg7 5. Qd2 O-O 6. O-O-O Ng4 7. e4 dxe4 8. Nxe4 $14) ({9:-0.48} 3... Bg7 4.
e4 O-O 5. Bd3 d5 6. e5 Ng4 7. O-O 7... c5 $14) 4. Bf4 Bg7 5. e3 O-O 6. Be2 a5 (
{8:-0.71} 6... a5 7. O-O Na6 8. Ne5 Bf5 9. Bd3 Ne4 10. Nxe4 10... dxe4 $16) ({
8:-0.35} 6... c5 7. O-O cxd4 8. exd4 Nh5 9. Bg5 Nc6 10. Ne5 Nxe5 11. Bxh5 $14)
7. O-O c6 8. Bd3 Bg4 9. h3 Be6 ({8:-0.67} 9... Be6 10. Ng5 Bd7 11. Be5 Na6 12.
Qd2 Nb4 13. f4 Nxd3 14. Qxd3 $14) ({8:-0.51} 9... Bc8 10. Qd2 Na6 11. a3 c5 12.
Bxa6 Rxa6 13. dxc5 13... Bf5 $14) 10. Ne5 Nbd7 11. Qf3 Nxe5 ({9:-0.36} 11...
Nxe5 12. Bxe5 Re8 13. Rad1 Rc8 14. Ne2 Qd7 15. Nf4 Bf5 16. a4 $14) ({9:-0.12} 
11... Nh5 12. Nxd7 Qxd7 13. Bg5 b6 14. Rad1 c5 15. e4 cxd4 16. Nxd5 $10) 12.
Bxe5 Qb6 13. Na4 Qa7 14. b3 b6 15. c4 Rae8 16. Rfd1 Kh8 17. Rac1 Qb7 18. cxd5
Bxd5 19. e4 Be6 20. Bc4 Bd7 21. a3 Rd8 22. Nb2 Be8 23. Nd3 Qa7 24. Nf4 Rg8 25.
b4 axb4 26. axb4 b5 27. Ra1 Qb7 28. Bb3 Ra8 29. Nd3 Qc8 30. Nc5 Qd8 31. Rxa8
Qxa8 32. Qc3 Qd8 33. Ra1 Nd7 34. Nxd7 Qxd7 35. Bxg7+ Rxg7 36. Ra8 g5 37. d5
cxd5 38. Bxd5 f5 39. Be6 Qd1+ 40. Kh2 Qd6+ 41. g3 Qxe6 42. Rxe8+ Qg8 43. Rxg8+
Kxg8 44. Qc8+ Kf7 45. Qxf5+ Kg8 46. Qxb5 Kf7 47. Qd5+ e6 48. Qd7+ Kf8 1-0

[Event "ICS Rated blitz match"]
[Site "207.99.83.227"]
[Date "1999.04.24"]
[Round "?"]
[White "Zamok"]
[Black "Hossa"]
[Result "0-1"]
[WhiteElo "2033"]
[BlackElo "2393"]
[PlyCount "44"]

1. e4 c5 2. Nf3 Nc6 3. d4 cxd4 4. Nxd4 e5 5. Nb5 Nf6 6. N1c3 Bb4 7. a3 Bc5 8.
Nd6+ Bxd6 9. Qxd6 Qe7 10. Qc7 O-O 11. Bg5 Qe6 12. Bxf6 Qxf6 13. f3 Qh4+ 14. g3
Qg5 15. Nd5 Nd4 16. Bg2 b6 17. Rd1 Ba6 18. f4 Qh5 19. Rd2 Nf3+ 20. Bxf3 Qxf3
21. Rg1 Rfe8 22. Nc3 22... Qe3+ {Zamok resigns} 0-1

[Event "ICS rated blitz match"]
[Site "207.99.83.227"]
[Date "1999.04.24"]
[Round "?"]
[White "Zamok"]
[Black "Hossa"]
[Result "1-0"]
[WhiteElo "2014"]
[BlackElo "2397"]
[Annotator "Crafty v16.6"]
[PlyCount "53"]

{annotating for player Hossa using a scoring margin of +0.10 pawns. search
time limit is 10.00} 1. e4 1... e6 2. d4 d5 3. Nc3 Nf6 ({8:-0.57} 3... Nf6 4.
e5 Ne4 5. Nxe4 dxe4 6. Bc4 Nd7 7. Ne2 7... Be7 $14) ({8:-0.15} 3... dxe4 4.
Nxe4 Qd5 5. Qd3 Nc6 6. Nf3 Nb4 7. Qb5+ Bd7 8. Qxd5 8... Nxd5 $10) 4. e5 Nfd7 5.
f4 Bb4 6. Nf3 c5 7. Bd2 cxd4 8. Nb5 Bxd2+ ({8:-0.17} 8... Bxd2+ 9. Qxd2 O-O 10.
O-O-O Nc6 11. Nfxd4 Nc5 12. Nd6 Nxd4 13. Qxd4 13... Qc7 $10) ({8:+0.06} 8...
Be7 9. Nfxd4 a6 10. Qg4 O-O 11. Nd6 Nc5 12. Nxc8 12... Qxc8 $10) 9. Qxd2 O-O
10. Nbxd4 Nc5 11. Bd3 Nc6 ({8:-0.19} 11... Nc6 12. Nxc6 bxc6 13. O-O-O Rb8 14.
Ng5 h6 15. Nf3 15... Bb7 $10) ({8:+0.03} 11... Nba6 12. Bxa6 bxa6 13. Ng5 Bd7
14. O-O Rb8 15. Nb3 Qe7 16. Nxc5 16... Qxc5+ $10) 12. O-O-O Nxd4 13. Nxd4 Qb6
14. Kb1 Rb8 15. h4 Bd7 16. h5 Ne4 17. Bxe4 dxe4 18. h6 gxh6 19. Rxh6 Rbd8 20.
Qc3 e3 21. Qxe3 Rfe8 22. Qg3+ Kf8 23. Rxh7 Qxb2+ 24. Kxb2 Rc8 25. Qg7+ Ke7 26.
Qxf7+ Kd8 27. Qxd7# 1-0

[Event "ICS rated blitz match"]
[Site "207.99.83.227"]
[Date "1999.04.24"]
[Round "?"]
[White "Hossa"]
[Black "ElMejor"]
[Result "0-1"]
[WhiteElo "2368"]
[BlackElo "2130"]
[Annotator "Crafty v16.6"]
[PlyCount "103"]

{annotating for player Hossa using a scoring margin of +0.10 pawns. search
time limit is 10.00} 1. Nf3 1... d5 2. c4 c6 3. cxd5 cxd5 4. e3 Nf6 5. d4 ({
8:+0.07} 5. d4 5... e6 6. Bb5+ Bd7 7. Bxd7+ Nfxd7 8. Nc3 Nc6 9. Qb3 Na5 10. Qb5
$10) ({8:+0.44} 5. Nc3 5... Nc6 6. Bb5 a6 7. Bxc6+ bxc6 8. O-O Bg4 9. Qe2 9...
e5 $14) 5... e6 6. Be2 Bd6 7. O-O O-O 8. Nc3 a6 9. Bd2 Nc6 10. Rc1 Bd7 11. Qb3
b5 12. a4 b4 13. Nb1 Qb6 14. Bd3 Rab8 15. Qd1 Rfe8 16. Qe2 e5 17. Bxa6 e4 18.
Ng5 h6 19. Nh3 Bg4 20. Qb5 Nxd4 21. exd4 Qa7 22. Qc6 Rb6 23. Qc2 Rxa6 24. Nf4
Qb8 25. g3 b3 26. Qc3 Rxa4 27. Be3 Rc8 28. Qd2 Bb4 29. Nc3 Qb7 30. Ng2 Ra2 31.
Bxh6 gxh6 32. Qxh6 Bxc3 33. Rxc3 Nh7 34. Rxc8+ Qxc8 35. Rc1 Qd8 36. h3 Be6 37.
h4 Rxb2 38. Nf4 Qf6 39. Qxf6 Nxf6 40. Nxe6 Rc2 41. Rb1 b2 42. Kg2 fxe6 43. Kh3
Rxf2 44. g4 e3 45. h5 Ne4 46. g5 e2 47. h6 Rf1 48. Rxb2 e1=Q 49. Rb8+ Kh7 50.
Rb7+ Kg6 51. Rg7+ Kh5 52. Kg2 0-1

[Event "ICS rated blitz match"]
[Site "207.99.83.227"]
[Date "1999.04.24"]
[Round "?"]
[White "Aagaard"]
[Black "Hossa"]
[Result "0-1"]
[WhiteElo "2421"]
[BlackElo "2342"]
[PlyCount "68"]

1. d4 d5 2. c4 dxc4 3. e3 b5 4. a4 Nd7 5. axb5 Nb6 6. Nf3 Bg4 7. h3 Bh5 8. b3
cxb3 9. Qxb3 Bxf3 10. gxf3 e6 11. f4 Qd5 12. Qxd5 exd5 13. Bg2 Nf6 14. Ke2 Bb4
15. Bd2 Bxd2 16. Nxd2 O-O 17. Rhc1 Rfc8 18. Rc6 Ne8 19. Nb3 Nd6 20. Nc5 Nxb5
21. Na6 Re8 22. Kf1 Re6 23. Rc5 c6 24. Rxb5 cxb5 25. Nc7 Rc8 26. Nxe6 fxe6 27.
Rxa7 Rc1+ 28. Ke2 b4 29. Rb7 Rc6 30. Ra7 b3 31. Ra5 Rc2+ 32. Kf3 b2 33. Rb5 Nc4
34. f5 34... Rc1 {Aagaard resigns} 0-1

[Event "ICS rated blitz match"]
[Site "207.99.83.227"]
[Date "1999.04.24"]
[Round "?"]
[White "Hossa"]
[Black "HAL9000"]
[Result "0-1"]
[WhiteElo "2362"]
[BlackElo "2354"]
[Annotator "Crafty v16.6"]
[PlyCount "102"]

{annotating for player Hossa using a scoring margin of +0.10 pawns. search
time limit is 10.00} 1. e4 1... c5 2. Nc3 Nc6 3. Nf3 d6 4. d4 cxd4 5. Nxd4 e6
6. Bb5 Bd7 7. O-O Nf6 8. Nxc6 ({7:+0.69} 8. Nxc6 8... bxc6 9. Bc4 e5 10. b4 Rb8
11. Ba3 11... Bg4 $14) ({7:+0.81} 8. Bc4 8... Nxd4 9. Qxd4 e5 10. Qd3 Be7 11.
Bg5 O-O 12. Bxf6 12... gxf6 $16) 8... Bxc6 9. Bxc6+ bxc6 10. Qe2 Be7 11. Qa6 ({
9:+0.30} 11. Qa6 11... Qd7 12. Bg5 O-O 13. Rfd1 Rfd8 14. Qc4 Rab8 15. Rab1 $10)
({9:+0.47} 11. e5 11... dxe5 12. Qxe5 Bd6 13. Qg5 O-O 14. Rd1 Nd5 15. Ne4 15...
Rb8 $14) 11... Qb6 12. Qd3 d5 13. e5 Nd7 14. Qg3 Rg8 15. Rd1 Bd8 16. Qd3 h6 17.
Qg3 Bc7 18. Re1 Qd4 19. Ne2 Qe4 20. Qb3 Ba5 21. f3 Qh4 22. Rd1 Rb8 23. Qe3 Bb6
24. Nd4 f6 25. exf6 e5 26. f4 gxf6 27. c3 Kd8 28. fxe5 fxe5 29. Nxc6+ Kc8 30.
Nd4 exd4 31. cxd4 Rxg2+ 32. Kxg2 Qg4+ 33. Qg3 Qe2+ 34. Kh3 Qxd1 35. Qg8+ Bd8
36. Qxd5 Rb7 37. Qc4+ Rc7 38. Qa6+ Kb8 39. Qd6 Qf1+ 40. Kg3 Kc8 41. Qxh6 Rc2
42. Bd2 Bc7+ 43. Kh4 Qf2+ 44. Kg4 Qxd4+ 45. Kh5 Rxd2 46. Qa6+ Kd8 47. h3 Qe5+
48. Kg4 Rg2+ 49. Kf3 Rg3+ 50. Kf2 Qe3+ 51. Kf1 Rg1# 0-1

[Event "ICS rated blitz match"]
[Site "207.99.83.227"]
[Date "1999.04.24"]
[Round "?"]
[White "Hossa"]
[Black "Evilone"]
[Result "1-0"]
[WhiteElo "2349"]
[BlackElo "1951"]
[PlyCount "81"]

1. e4 e6 2. d4 f5 3. e5 d6 4. Nf3 Nc6 5. Bf4 Be7 6. Bb5 Bd7 7. a4 a6 8. Bc4 d5
9. Ba2 Bb4+ 10. c3 Ba5 11. O-O Nge7 12. Ng5 O-O 13. b4 Bb6 14. a5 Ba7 15. Qh5
h6 16. Nf3 Qe8 17. Qxe8 Raxe8 18. Na3 b6 19. axb6 Bxb6 20. Bb3 a5 21. b5 Na7
22. Ba4 c6 23. c4 cxb5 24. Nxb5 Nxb5 25. cxb5 g5 26. Bd2 Rc8 27. Rac1 Kg7 28.
Rfd1 g4 29. Ne1 f4 30. Nd3 Ng6 31. Nc5 Bxc5 32. dxc5 f3 33. c6 Be8 34. g3 Ne7
35. Bxa5 Nf5 36. b6 Bxc6 37. Bxc6 h5 38. b7 Rb8 39. Bc7 h4 40. gxh4 Nxh4 41.
Rd4 {Evilone resigns} 1-0

[Event "ICS rated blitz match"]
[Site "207.99.83.227"]
[Date "1999.04.24"]
[Round "?"]
[White "Amateur"]
[Black "Hossa"]
[Result "0-1"]
[WhiteElo "2389"]
[BlackElo "2352"]
[PlyCount "128"]

1. e4 e6 2. d4 d5 3. Nd2 Bb4 4. Qg4 Nf6 5. Qxg7 Rg8 6. Qh6 Rg6 7. Qe3 Nxe4 8.
c3 Nxd2 9. Bxd2 Bd6 10. Qh3 Rg7 11. Nf3 Nd7 12. Bh6 Rg8 13. Bd3 e5 14. Bxh7 Nf6
15. Bf5 exd4 16. Nxd4 c5 17. Bxc8 cxd4 18. Bf5 Rh8 19. cxd4 Bf4 20. Bxf4 Rxh3
21. Bxh3 Qe7+ 22. Kf1 Qb4 23. Re1+ Kf8 24. Be5 Ne8 25. Re2 f6 26. Bf4 Qxd4 27.
Bh6+ Kg8 28. Be3 Qd3 29. b3 Ng7 30. Bd7 Rd8 31. Ba4 d4 32. Bh6 Rd6 33. b4 Re6
34. Be3 dxe3 35. Bc2 Qa3 36. Bd1 Qc1 37. Re1 Qc4+ 38. Be2 exf2 39. Kxf2 Rxe2+
40. Rxe2 Qf4+ 41. Ke1 Qc1+ 42. Kf2 Qxh1 43. h3 Qd1 44. g4 Qd6 45. Kf3 Ne6 46.
Re3 Ng5+ 47. Ke2 Qxb4 48. Rb3 Qd4 49. Re3 Qc4+ 50. Ke1 Qxa2 51. Kf1 Qh2 52. Rd3
Nxh3 53. Rd8+ Kf7 54. Ke1 Nf4 55. Kd1 Qe2+ 56. Kc1 Nd3+ 57. Rxd3 Qxd3 58. Kb2
Qc4 59. Kb1 a5 60. Kb2 a4 61. Kb1 a3 62. g5 fxg5 63. Ka1 Qd4+ 64. Kb1 64...
Qb2# {Amateur checkmated} 0-1

[Event "ICS rated blitz match"]
[Site "207.99.83.227"]
[Date "1999.04.24"]
[Round "?"]
[White "Hossa"]
[Black "thelatinlover"]
[Result "1-0"]
[WhiteElo "2370"]
[BlackElo "2413"]
[PlyCount "120"]

1. e4 c5 2. Nc3 d6 3. Bc4 Nc6 4. d3 g6 5. Bg5 Bg7 6. Qd2 h6 7. Be3 Nf6 8. O-O-O
Ng4 9. Nf3 Nxe3 10. fxe3 O-O 11. Rdf1 a6 12. h4 e6 13. h5 g5 14. Bb3 b5 15. Kb1
Na5 16. Qe2 Bb7 17. Nd2 Rc8 18. Nd1 d5 19. exd5 exd5 20. c3 Nxb3 21. Nxb3 a5
22. d4 c4 23. Nc5 Bc6 24. e4 dxe4 25. Ne3 Bd5 26. Qg4 b4 27. Nxd5 Qxd5 28. Rf5
Qc6 29. Nxe4 bxc3 30. Nxc3 Rb8 31. Rd1 a4 32. Ra5 Rb4 33. Nd5 Rb7 34. Qf3 Qd6
35. Nf6+ Bxf6 36. Qxb7 Rb8 37. Ra8 Rxa8 38. Qxa8+ Kg7 39. Qxa4 Qd5 40. Qc2 Bxd4
41. Qe2 Qc5 42. Qe4 Bf6 43. Rd7 Qg1+ 44. Kc2 Qf2+ 45. Rd2 Qb6 46. Qxc4 Qxb2+
47. Kd3 Qa3+ 48. Ke2 Qg3 49. Qe4 Bc3 50. Rd7 Qe1+ 51. Kf3 Qf1+ 52. Kg3 Be1+ 53.
Kh2 Qf4+ 54. Qxf4 gxf4 55. Kh3 Kf6 56. Kg4 Ke6 57. Rd8 Bg3 58. Rh8 f5+ 59. Kf3
Kd5 60. Rxh6 60... Kc4 {thelatinlover resigns} 1-0

[Event "ICS Rated blitz match"]
[Site "207.99.83.227"]
[Date "1999.04.24"]
[Round "?"]
[White "thelatinlover"]
[Black "Hossa"]
[Result "0-1"]
[WhiteElo "2377"]
[BlackElo "2379"]
[PlyCount "80"]

1. e4 e6 2. d4 d5 3. Nd2 Bb4 4. c3 Be7 5. Ngf3 dxe4 6. Nxe4 Nd7 7. Bd3 Ngf6 8.
Qe2 Nxe4 9. Bxe4 O-O 10. h4 c5 11. Bg5 cxd4 12. Nxd4 Re8 13. O-O-O Bxg5+ 14.
hxg5 Qxg5+ 15. Kb1 Nf6 16. Nf3 Qa5 17. Bc2 e5 18. Ng5 e4 19. Qe3 h6 20. Nh3 Be6
21. a3 Qb5 22. Nf4 Bb3 23. Rd6 Bxc2+ 24. Kxc2 Rac8 25. Rh3 Qe5 26. Rd4 Ng4 27.
Qg3 Qxd4 28. Qxg4 Qxf2+ 29. Kb1 Qf1+ 30. Ka2 Qc4+ 31. Kb1 e3 32. Rg3 Qe4+ 33.
Ka2 Qe5 34. Nh5 g6 35. Qh4 e2 36. Nf6+ Kg7 37. Nh5+ Kf8 38. Nf6 Qe6+ 39. b3
e1=Q 40. Qxh6+ 40... Ke7 {thelatinlover resigns} 0-1

[Event "ICS rated blitz match"]
[Site "207.99.83.227"]
[Date "1999.04.24"]
[Round "?"]
[White "Hossa"]
[Black "thelatinlover"]
[Result "0-1"]
[WhiteElo "2387"]
[BlackElo "2348"]
[Annotator "Crafty v16.6"]
[PlyCount "118"]

{annotating for player Hossa using a scoring margin of +0.10 pawns. search
time limit is 10.00} 1. Nf3 1... e6 2. e4 c5 3. Nc3 Nc6 4. Bb5 Nge7 5. d3 a6 6.
Bxc6 ({8:-0.09} 6. Bxc6 6... Nxc6 7. Bg5 f6 8. Be3 Bd6 9. O-O O-O 10. Qe2 $10)
({8:+0.16} 6. Bc4 6... f6 7. Bb3 e5 8. Be3 d6 9. Nd5 9... Bg4 $10) 6... Nxc6 7.
Bg5 ({8:-0.16} 7. Bg5 7... f6 8. Be3 Bd6 9. O-O O-O 10. Qe2 10... Qe7 $10) ({
8:-0.04} 7. Be3 7... Be7 8. d4 cxd4 9. Nxd4 O-O 10. O-O e5 11. Nf5 $10) 7...
Be7 8. Bxe7 Qxe7 9. Na4 ({9:-0.19} 9. Na4 9... b5 10. Nb6 Rb8 11. Nxc8 Rxc8 12.
O-O O-O 13. c4 13... b4 $10) ({9:+0.10} 9. d4 9... cxd4 10. Nxd4 O-O 11. O-O
Rd8 12. Qd2 Qh4 13. Rad1 13... Ne5 $10) 9... d6 10. Nb6 Rb8 11. Nd2 ({8:-0.78} 
11. Nd2 11... O-O 12. Nf3 Qc7 13. Nxc8 Rbxc8 14. Ng5 Qa5+ 15. Qd2 15... Qb5 $17
) ({8:-0.11} 11. d4 11... d5 12. exd5 exd5+ 13. Qe2 Qxe2+ 14. Kxe2 Bg4 15. Rhe1
Nxd4+ 16. Kd3+ Ne6 17. Nxd5 Bxf3 18. gxf3 $10) 11... O-O 12. O-O ({8:-0.98} 12.
O-O 12... e5 13. Qh5 Nb4 14. Rac1 Be6 15. a4 15... Rbd8 $17) ({8:-0.80} 12.
Ndc4 12... Rd8 13. Qd2 d5 14. Nxc8 Rbxc8 15. Nb6 Rc7 16. Qf4 $17) 12... Bd7 13.
Ndc4 Rfd8 14. c3 Be8 15. Qg4 Qc7 16. Qg5 h6 17. Qh5 Ne7 18. Rae1 d5 19. exd5
exd5 20. Qe5 Qxe5 21. Nxe5 Rd6 22. Ned7 Bxd7 23. Rxe7 Be8 24. Rfe1 Kf8 25.
Rxe8+ Rxe8 26. Rxe8+ Kxe8 27. Na4 b6 28. h4 Kd7 29. d4 c4 30. b3 Kc6 31. bxc4
dxc4 32. a3 Re6 33. Kf1 Re4 34. g3 Re8 35. Nb2 b5 36. Nd1 a5 37. Ne3 g6 38. Ng4
b4 39. axb4 axb4 40. d5+ Kc5 41. cxb4+ Kxb4 42. Ne3 c3 43. Ke2 Kb3 44. d6 Rd8
45. Kd1 Rxd6+ 46. Kc1 Rd2 47. h5 Rxf2 48. Kd1 Rf3 49. Nc2 Rf1+ 50. Ke2 Kxc2 51.
Kxf1 Kd2 52. Kg2 c2 53. Kh2 c1=Q 54. hxg6 fxg6 55. Kg2 Qe1 56. g4 Ke3 57. g5
hxg5 58. Kh2 Kf3 59. Kh3 Qh1# 0-1

[Event "ICS rated blitz match"]
[Site "207.99.83.227"]
[Date "1999.04.24"]
[Round "?"]
[White "Hossa"]
[Black "Amateur"]
[Result "1-0"]
[WhiteElo "2377"]
[BlackElo "2363"]
[PlyCount "179"]

1. e4 e6 2. Nf3 Nc6 3. d4 Nf6 4. e5 Nd5 5. Bb5 Be7 6. c4 Nb6 7. Nc3 a6 8. c5
axb5 9. cxb6 cxb6 10. Nxb5 O-O 11. O-O d6 12. exd6 Bxd6 13. Ng5 Be7 14. Qh5 h6
15. Nf3 Bf6 16. Be3 Nb4 17. a3 Qd5 18. Qxd5 Nxd5 19. Rac1 Bd7 20. Nc3 Nxe3 21.
fxe3 Bc6 22. Ne1 Ra5 23. Nc2 Rg5 24. Rf2 Rg4 25. Rcf1 Ra8 26. Nb4 Ra5 27. Rc2
Rag5 28. Rff2 Be7 29. Nd3 Bd6 30. Nf4 Rh4 31. Nce2 b5 32. b4 Rf5 33. Rc1 Bd7
34. Rd1 Rg5 35. e4 Bc6 36. e5 Bc7 37. Rc1 Rhg4 38. a4 Bb6 39. a5 Ba7 40. h3
Rxf4 41. Rxf4 Rxg2+ 42. Kf1 Rh2 43. h4 Rh1+ 44. Kf2 Rh2+ 45. Ke1 Rh3 46. a6 Bb6
47. Kf2 Ra3 48. axb7 Bxb7 49. Rf1 Bd8 50. Ke1 f5 51. exf6 Ra1+ 52. Kd2 Ra2+ 53.
Kd3 gxf6 54. Nc3 Rb2 55. Rg1+ Kf7 56. Rfg4 Ke8 57. Rg8+ Kd7 58. R1g7+ Be7 59.
Rxe7+ Kxe7 60. Rg7+ Kd8 61. Rxb7 Rh2 62. Nxb5 Rxh4 63. Rf7 Rh3+ 64. Kc4 f5 65.
d5 exd5+ 66. Kxd5 Rb3 67. Ke6 Re3+ 68. Kxf5 Rf3+ 69. Kg6 Rxf7 70. Kxf7 h5 71.
Nd4 h4 72. Ke6 h3 73. Nf3 Kc7 74. Kd5 Kb6 75. Kc4 Kc6 76. b5+ Kb7 77. Kc5 Kc7
78. b6+ Kd7 79. Kd5 Kd8 80. Kc6 Ke7 81. b7 Ke6 82. Ng5+ Kf5 83. Nxh3 Kg4 84.
Kd5 Kxh3 85. b8=Q Kg4 86. Ke4 Kg5 87. Qb6 Kh4 88. Qg6 Kh3 89. Kf3 Kh2 90. Qg2#
{Amateur checkmated} 1-0

[Event "ICS rated blitz match"]
[Site "207.99.83.227"]
[Date "1999.04.24"]
[Round "?"]
[White "RedBear"]
[Black "Hossa"]
[Result "0-1"]
[WhiteElo "2466"]
[BlackElo "2392"]
[PlyCount "243"]

1. e4 c5 2. Nf3 Nc6 3. d4 cxd4 4. Nxd4 e5 5. Nb5 Nf6 6. f3 Bb4+ 7. c3 Bc5 8. b4
Be7 9. Nd6+ Bxd6 10. Qxd6 Qe7 11. Qd2 Qe6 12. Na3 O-O 13. Bc4 Qe7 14. Nb5 a5
15. Nc7 Rb8 16. a3 d6 17. Nb5 Rd8 18. O-O Be6 19. Bd5 Ra8 20. Bb2 Bxd5 21. exd5
Na7 22. Nxa7 Rxa7 23. c4 Qc7 24. Rfc1 Rda8 25. c5 Rd8 26. Qe3 Raa8 27. Qb3 axb4
28. axb4 Rxa1 29. Bxa1 dxc5 30. Rxc5 Qd6 31. Qd3 Nxd5 32. Kf1 b6 33. Rc4 Qe7
34. Bb2 Nxb4 35. Qa3 Nd5 36. Qxe7 Nxe7 37. Bxe5 f6 38. Bf4 b5 39. Rb4 Nd5 40.
Rd4 Kf7 41. Bc1 Rc8 42. Bd2 Ke6 43. Re4+ Kd6 44. Ke2 Nc3+ 45. Bxc3 Rxc3 46. Rg4
g5 47. Rd4+ Kc7 48. Kd1 Ra3 49. Rd2 Ra1+ 50. Ke2 Rh1 51. h3 Rg1 52. Ke3 Rc1 53.
Rd5 Re1+ 54. Kf2 Re5 55. Rd1 Rc5 56. Rd2 Rc1 57. Ke3 h6 58. Rd5 Re1+ 59. Kf2
Re5 60. Rd2 Rc5 61. Ke3 f5 62. Rb2 f4+ 63. Kd4 Kd6 64. Ke4 Re5+ 65. Kd4 h5 66.
Ra2 Rd5+ 67. Ke4 h4 68. Ra6+ Kc5 69. Ra2 Rd8 70. Kf5 Rg8 71. Rc2+ Kd4 72. Rb2
Kc4 73. Rc2+ Kb3 74. Rc5 b4 75. Ke4 Ka4 76. Kd3 Rb8 77. Kc2 Rb5 78. Rc7 Re5 79.
Ra7+ Kb5 80. Rb7+ Kc4 81. Rc7+ Rc5 82. Rg7 Rd5 83. Rc7+ Kb5 84. Rb7+ Ka5 85.
Ra7+ Kb6 86. Rg7 Kc5 87. Kb3 Rd3+ 88. Kc2 Re3 89. Rxg5+ Kc4 90. Rg7 b3+ 91. Kd2
Rd3+ 92. Kc1 Rc3+ 93. Kb1 Rc2 94. Rc7+ Kd3 95. Rd7+ Ke3 96. Rg7 Rd2 97. Rg6 Ra2
98. Rg4 Re2 99. Rg7 Kf2 100. Rg4 Re1+ 101. Kb2 Rg1 102. Rxf4 Rxg2 103. Kxb3 Kg3
104. Re4 Rh2 105. Kc4 Rxh3 106. Kd3 Kxf3 107. Kd4 Rh2 108. Re3+ Kf4 109. Re4+
Kg3 110. Re7 Rf2 111. Rg7+ Kh2 112. Ke3 Rf8 113. Kd4 Re8 114. Kd5 h3 115. Ra7
Re1 116. Rc7 Kg2 117. Rg7+ Kh1 118. Kc5 Rd1 119. Rg3 h2 120. Rg4 Rg1 121. Rc4
Kg2 122. Rc2+ {RedBear resigns} 0-1